| 000 | 00700nam a2200229 4500 | ||
|---|---|---|---|
| 001 | 144399 | ||
| 003 | ES-MaACL | ||
| 005 | 20230906201017.0 | ||
| 007 | t| | ||
| 008 | 070214s1980 sp r ||||1| cat d | ||
| 100 | 1 |
_aSirera, Josep Lluís. _9106671 |
|
| 245 | 1 | 3 |
_aEl capvestre del trópic / _cJosep Lluís i Rodolf Sirera ; práoleg de Xavier Fábregas. |
| 250 | _a1ª ed. | ||
| 260 |
_aValencia : _bE. Climent, _c1980 ( _fNacher) |
||
| 300 |
_a88 p. ; _c20 cm. |
||
| 490 | 1 |
_aTres i quatre ; _v7 |
|
| 700 | 1 |
_aSirera, Rodolf. _9106672 |
|
| 700 | 1 |
_aFáabregas, Xavier. _9127172 |
|
| 830 | 0 |
_aTres i quatre ; _v7 _9220669 |
|
| 852 |
_aES-MaACL _jA-10921 _bR.100382 |
||
| 999 |
_c144399 _d144399 |
||